Strategy-as-practice (Record no. 5234)

MARC details
000 -CABECERA
campo de control de longitud fija 02080nam a22002657a 4500
003 - IDENTIFICADOR DEL NÚMERO DE CONTROL
campo de control OSt
005 - FECHA Y HORA DE LA ÚLTIMA TRANSACCIÓN
campo de control 20260515084037.0
008 - DATOS DE LONGITUD FIJA--INFORMACIÓN GENERAL
campo de control de longitud fija 260121b |||||||| |||| 00| 0 eng d
022 ## - NÚMERO INTERNACIONAL NORMALIZADO PARA PUBLICACIONES SERIADAS
Número Internacional Normalizado para Publicaciones Seriadas 1941-6520
022 ## - NÚMERO INTERNACIONAL NORMALIZADO PARA PUBLICACIONES SERIADAS
Número Internacional Normalizado para Publicaciones Seriadas 1941-6067
040 ## - FUENTE DE LA CATALOGACIÓN
Centro catalogador/agencia de origen TBS
Lengua de catalogación EN
Centro/agencia transcriptor TBS
041 ## - CÓDIGO DE LENGUA
Código de lengua del texto/banda sonora o título independiente eng
100 ## - ENTRADA PRINCIPAL--NOMBRE DE PERSONA
Nombre de persona Vaara, Eero
9 (RLIN) 13095
Término indicativo de función/relación author
245 ## - MENCIÓN DE TÍTULO
Título Strategy-as-practice
Resto del título : taking social practices seriously
Mención de responsabilidad, etc. / Eero Vaara, Richard Whittington.
260 ## - PUBLICACIÓN, DISTRIBUCIÓN, ETC.
Nombre del editor, distribuidor, etc. The Academy of Management Annals,
Fecha de publicación, distribución, etc. 2012
300 ## - DESCRIPCIÓN FÍSICA
Extensión 285-336 pages.
362 ## - FECHAS DE PUBLICACIÓN Y/O DESIGNACIÓN SECUENCIAL
Fecha de publicación y/o designación secuencial The Academy of Management annals, 2012-01, Vol.6 (1), p.285-336
520 ## - SUMARIO, ETC.
Sumario, etc. This article reviews research in Strategy-as-Practice (SAP) and suggests directions for its development. The power of this perspective lies in its ability to explain how strategy-making is enabled and constrained by prevailing organizational and societal practices. Our review shows how SAP research has helped to advance social theories in strategic management, offered alternatives to performance-dominated analyzes, broadened the scope in terms of organizations studied and promoted new methodologies. In particular, it has provided important insights into the tools and methods of strategy-making (practices), how strategy work takes place (praxis), and the role and identity of the actors involved (practitioners). However, we argue that there is a need to go further in the analysis of social practices to unleash the full potential of this perspective. Hence, we outline five directions for the further development of the practice perspective: placing agency in a web of practices, recognizing the macro-institutional nature of practices, focusing attention on emergence in strategy-making, exploring how the material matters, and promoting critical analysis.
630 #0 - PUNTO DE ACCESO ADICIONAL DE MATERIA--TÍTULO UNIFORME
Título uniforme MSc International Business
9 (RLIN) 26977
650 #0 - PUNTO DE ACCESO ADICIONAL DE MATERIA--TÉRMINO DE MATERIA
Término de materia o nombre geográfico como elemento de entrada Social sciences
Subdivisión general Research
9 (RLIN) 13372
650 #0 - PUNTO DE ACCESO ADICIONAL DE MATERIA--TÉRMINO DE MATERIA
Término de materia o nombre geográfico como elemento de entrada Strategic planning
Subdivisión general Social aspects
9 (RLIN) 10360
700 ## - ENTRADA AGREGADA--NOMBRE PERSONAL
Nombre de persona Whittington, Richard
9 (RLIN) 1394
Término indicativo de función/relación author
856 ## - LOCALIZACIÓN Y ACCESO ELECTRÓNICOS
Identificador Uniforme del Recurso <a href="https://research-ebsco-com.hub.tbs-education.fr/c/q5dvh4/viewer/pdf/j5jgg7hr3v">https://research-ebsco-com.hub.tbs-education.fr/c/q5dvh4/viewer/pdf/j5jgg7hr3v</a>
942 ## - ELEMENTOS DE ENTRADA AGREGADA (KOHA)
Fuente del sistema de clasificación o colocación Clasificación de Library of Congress
Holdings
Estado de retiro Estado de pérdida Fuente del sistema de clasificación o colocación Estado dañado No para préstamo Código de colección Biblioteca de origen Biblioteca actual Fecha de adquisición Total de préstamos Código de barras Fecha visto por última vez Identificador Uniforme del Recurso Precio válido a partir de Tipo de ítem Koha
    Clasificación de Library of Congress     Core Textbooks TBS Barcelona TBS Barcelona 15/05/2026   5234 15/05/2026 https://research-ebsco-com.hub.tbs-education.fr/c/q5dvh4/viewer/pdf/j5jgg7hr3v 15/05/2026 Academic Article

Powered by Koha